02708cam a22011294i 4500003000900000005001700009008004100026020001500067035002700082040003300109082002300142100003100165245009700196264003400293300003800327336002100365337002500386338002300411490003100434504002800465505037800493526000900871526000900880526000900889526000900898526000900907526000900916526000900925526000900934526000900943526000900952526000900961526000900970526000900979526000900988526000900997526000901006526000901015526000901024526000901033526000901042526000901051526000901060526000901069526000901078526000901087526000901096526000901105526000901114526000901123526000901132526000901141526000901150526000901159526000901168526000901177526000901186526000901195526000801204526000801212526000801220526000801228526000801236526000801244526000801252526000801260526000801268526000801276526000801284526000801292526000801300526000801308526000801316526000801324526000801332526000801340526000801348526000801356526000801364526000801372526000801380526000801388526000801396526000801404526000801412526000801420526000801428526000801436526000801444526000801452526000801460526000801468526000801476541001101484650003701495650004601532PE-LiUPU20250813185558.0150706s r 000 0 d a8449312507 a(Sirsi) i9788449312502 aPE-LiUPUbspacPE-LiUPUerda04a379.73 22bA632211 aApple, Michael W.,eautor.10aEducar 'como Dios manda' :bmercados, niveles, religión y desigualdad /cMichael W. Apple. 1aBarcelona :bPaidós,c2002. a303 páginas ;c22 centímetros atext2rdacontent aunmediated2rdamedia avolume2rdacarrier0 aTemas de educación ;v58 aIncluye bibliografía.0 aMercados, niveles, religión y desigualdad -- ¿De quién son los mercados? -- ¿De quién el conocimiento? -- Producir desigualdades: la modernización conservadora en la política y en la práctica -- El cristianismo en peligro -- Dios, moralidad y mercados -- ¡Abajo los enseñantes! la política cultural de la enseñanza domiciliaria -- Frenar a la derecha. aP202 aP201 aP163 aP162 aP161 aP160 aP148 aP147 aP146 aP145 aP144 aP143 aP142 aP141 aP140 aP139 aP138 aP137 aP136 aP135 aP134 aP133 aP129 aP128 aP127 aP120 aP119 aP118 aP116 aP115 aP114 aP110 aP109 aP108 aP104 aP103 aP102 aP99 aP98 aP97 aP96 aP95 aP93 aP90 aP89 aP88 aP83 aP82 aP62 aP59 aP58 aP57 aP51 aP49 aP48 aP47 aP29 aP24 aP20 aP19 aP17 aP15 aP14 aP12 aP10 aP09 aP08 aP07 aP06 aP05 aP04 aP01 g10579;04aConservadurismozEstados Unidos.04aPolítica y educaciónzEstados Unidos.